000 00346nam a2200145Ia 4500
005 20251222152620.0
008 251222s9999||||xx |||||||||||||| ||spa||
020 _a9786124114113
082 _a848.9/V63
100 _aVidal, Christiane Félipe
245 0 _aEl Canto de los Ahogados
250 _a1ra. ed.
264 _bBorrador
942 _cLIB
999 _c27312
_d27312